NLSUI OPAC header image

Moving from unilateral humanitarian intervention to state obligation under international law (Record no. 217098)

MARC details
000 -LEADER
fixed length control field 00858nam a2200145Ia 4500
005 - DATE AND TIME OF LATEST TRANSACTION
control field 20260209120132.0
008 - FIXED-LENGTH DATA ELEMENTS--GENERAL INFORMATION
fixed length control field 260209s9999||||xx |||||||||||||| ||und||
100 ## - MAIN ENTRY--PERSONAL NAME
Personal name Suchithra Menon C.
245 #0 - TITLE STATEMENT
Title Moving from unilateral humanitarian intervention to state obligation under international law
260 ## - PUBLICATION, DISTRIBUTION, ETC.
Place of publication, distribution, etc. BangaloreBangalore
Name of publisher, distributor, etc. NLSIU
Date of publication, distribution, etc. 2013
300 ## - PHYSICAL DESCRIPTION
Extent 83 p. ; 25 cm.
505 ## - FORMATTED CONTENTS NOTE
Formatted contents note TABLE OF CONTENTS CERTIFICATE ; DECLARATION ; ACKNOWLEDGEMENT ; CHAPTER 1: INTRODUCTION ; CHAPTER 2: METAMORPHOSIS OF RESPONSIBILITY TO PROTECT ; CHAPTER 3 : LEGAL BACKING FOR RESPONSIBILITY TO PROTECT ; CHAPTER 4: CALL FOR THE RESPONSIBILITY TO PROTECT- A CASE STUDY ; CHAPTER 5: CONCLUSION & THE WAY FORWARD ; BIBLIOGRAPHY & REFERENCES.
700 ## - ADDED ENTRY--PERSONAL NAME
Personal name Prof. H.K. Nagaraja - GuideProf. H.K. Nagaraja - Guide
856 ## - ELECTRONIC LOCATION AND ACCESS
Uniform Resource Identifier <a href="https://dans.nls.ac.in/handle/123456789/1792">https://dans.nls.ac.in/handle/123456789/1792</a>
Holdings
Withdrawn status Lost status Damaged status Not for loan Home library Current library Date acquired Total Checkouts Barcode Date last seen Price effective from Koha item type
        . . 09.02.2026   LLM463 09.02.2026 09.02.2026 Dissertation